000 00489nam a22001937a 4500
003 MPLRDC
005 20220104123852.0
008 210129b ||||| |||| 00| 0 eng d
020 _a957-645-611-8
082 _a570.7 ZYA
100 _a张玉安等编著
245 _a政海必胜的50锦囊
_c
250 _a初版
260 _a
_b风云时代出版股份有限
_c1995
300 _b
490 _a世界智谋大全. 6
650 _a政治学总论
942 _cBK
_o570.7 ZYA
999 _c14836
_d14826